[Event "Platja d'Aro op 9th"]
[White "Burset Camps, Guillem"]
[Black "Voegeli, Max"]
[Site "Platja d'Aro"]
[Round "9"]
[Result "1-0"]
[Date "2022.12.30"]
[ECO "A53"]
[WhiteElo "1457"]
[BlackElo "1381"]
[PlyCount "73"]
[EventDate "2022.12.26"]
[EventType "swiss"]
[EventRounds "9"]
[EventCountry "ESP"]
[SourceTitle "CBM 211 Extra"]
[Source "ChessBase"]
[SourceDate "2023.01.31"]
[SourceVersion "1"]
[SourceVersionDate "2023.01.31"]
[SourceQuality "1"]

1. d4 d6 2. Nf3 Nf6 3. c4 c6 4. Nc3 Bg4 5. e3 Nbd7 6. h3 Bh5 7. Be2 e6 8. 0-0 Be7 9. e4 Bxf3 10. Bxf3 e5 11. Be3 exd4 12. Bxd4 Ne5 13. Be2 Qc7 14. Rc1 0-0 15. f4 Ned7 16. Kh1 a6 17. Qe1 Ne8 18. Qg3 f6 19. Bg4 Qd8 20. Be6+ Kh8 21. f5 Nc7 22. Rf4 Nxe6 23. fxe6 Nc5 24. Bxc5 dxc5 25. Rd1 Bd6 26. e5 fxe5 27. Rxf8+ Qxf8 28. Ne4 Rd8 29. Ng5 Kg8 30. Nf7 Be7 31. Nxd8 Bxd8 32. Qxe5 Be7 33. b3 b5 34. Qc7 bxc4 35. Rd7 Qf1+ 36. Kh2 Qf6 37. Rxe7 1-0

[Event "Figueres Mas op-B 23rd"]
[White "Voegeli, Max"]
[Black "Marull Duch, Miquel"]
[Site "Figueres"]
[Round "4"]
[Result "0-1"]
[Date "2022.08.14"]
[ECO "B10"]
[WhiteElo "1454"]
[BlackElo "1493"]
[PlyCount "62"]
[EventDate "2022.08.11"]
[EventType "swiss"]
[EventRounds "9"]
[EventCountry "ESP"]
[SourceTitle "EXT 2023"]
[Source "ChessBase"]
[SourceDate "2022.10.05"]
[SourceVersion "1"]
[SourceVersionDate "2022.10.05"]
[SourceQuality "1"]

1. e4 c6 2. d3 d5 3. Nd2 e5 4. Ngf3 Bd6 5. d4 exd4 6. exd5 cxd5 7. Bb5+ Bd7 8. Qe2+ Ne7 9. Bxd7+ Nxd7 10. 0-0 0-0 11. Nb3 Nc6 12. Nbxd4 Re8 13. Qd1 Nde5 14. Nxe5 Rxe5 15. Nf3 Rh5 16. h3 Qd7 17. Nh2 Rxh3 18. gxh3 Qxh3 19. f4 Re8 20. Qf3 Bc5+ 21. Kh1 Qf5 22. Qg2 Nd4 23. Bd2 Re2 24. Rf2 Rxf2 25. Qxf2 Nb3 26. Qe1 Nxa1 27. Qe8+ Bf8 28. Bb4 Qe4+ 29. Qxe4 dxe4 30. Bd2 Nxc2 31. Nf1 f5 0-1

[Event "Figueres Region-ch"]
[White "Voegeli, Max"]
[Black "Buenacasa Garcia, Jordi Joan"]
[Site "Figueres	"]
[Round "4"]
[Result "0-1"]
[Date "2021.10.16"]
[ECO "A03"]
[WhiteElo "1565"]
[BlackElo "1889"]
[PlyCount "54"]
[EventDate "2021.09.25"]
[EventType "swiss"]
[EventRounds "9"]
[EventCountry "ESP"]
[SourceTitle "EXT 2023"]
[Source "ChessBase"]
[SourceDate "2022.10.05"]
[SourceVersion "1"]
[SourceVersionDate "2022.10.05"]
[SourceQuality "1"]

1. f4 Nf6 2. Nf3 d5 3. e3 c5 4. b3 Nc6 5. Bb2 Bg4 6. Be2 e6 7. 0-0 Bd6 8. c3 Qc7 9. d4 cxd4 10. cxd4 Nb4 11. Nc3 a6 12. a3 Nc6 13. Rc1 Qe7 14. b4 Rc8 15. b5 axb5 16. Nxb5 0-0 17. Nxd6 Qxd6 18. a4 Ne4 19. Ne5 Bxe2 20. Qxe2 Nxe5 21. fxe5 Qb4 22. Rxc8 Rxc8 23. Qb5 Qxb5 24. axb5 Rc2 25. Ra1 h6 26. Bc1 Nc3 27. b6 Rxc1+ 0-1

[Event "Santa Susanna op 15th"]
[White "Voegeli, Max"]
[Black "Parra Ordorica, Arnau"]
[Site "Santa Susanna"]
[Round "4"]
[Result "0-1"]
[Date "2021.08.03"]
[ECO "B10"]
[WhiteElo "1603"]
[BlackElo "1915"]
[PlyCount "52"]
[EventDate "2021.08.02"]
[EventType "swiss"]
[EventRounds "9"]
[EventCountry "ESP"]
[SourceTitle "EXT 2022"]
[Source "ChessBase"]
[SourceDate "2021.10.06"]
[SourceVersion "1"]
[SourceVersionDate "2021.10.06"]
[SourceQuality "1"]

1. e4 c6 2. d3 d5 3. Nd2 e5 4. Ngf3 Bd6 5. d4 exd4 6. exd5 Nf6 7. dxc6 Nxc6 8. Bb5 0-0 9. 0-0 Bg4 10. Bxc6 bxc6 11. Nb3 c5 12. Qd3 Qc7 13. Nbd2 Rfe8 14. Nc4 Bxh2+ 15. Nxh2 Be2 16. Qg3 Qxg3 17. fxg3 Bxc4 18. Rxf6 gxf6 19. Bf4 Kg7 20. Nf3 Re2 21. b3 Bd5 22. Rc1 Rae8 23. Kf1 Bxf3 24. gxf3 Rh2 25. Kg1 Ree2 26. g4 Rxc2 0-1

[Event "Girona Gerunda op"]
[White "Voegeli, Max"]
[Black "Pales Pi, Marta"]
[Site "Girona"]
[Round "4"]
[Result "1-0"]
[Date "2021.07.20"]
[ECO "C29"]
[WhiteElo "1824"]
[BlackElo "1684"]
[PlyCount "41"]
[EventDate "2021.07.19"]
[EventType "swiss"]
[EventRounds "9"]
[EventCountry "ESP"]
[SourceTitle "EXT 2022"]
[Source "ChessBase"]
[SourceDate "2021.10.06"]
[SourceVersion "1"]
[SourceVersionDate "2021.10.06"]
[SourceQuality "1"]

1. e4 e5 2. Nc3 Nc6 3. f4 Nf6 4. fxe5 Nxe5 5. d4 Ng6 6. e5 Qe7 7. Be2 Ng8 8. Nf3 Qb4 9. 0-0 N8e7 10. Ng5 Nc6 11. Nb5 Qa5 12. Nxf7 a6 13. Nxh8 Nxh8 14. Nc3 Bb4 15. Ne4 Qd5 16. Bh5+ Kd8 17. Bg5+ Be7 18. Bxe7+ Kxe7 19. Qf3 Nxd4 20. Qf8+ Ke6 21. Qe8# 1-0

[Event "Gerunda Tardor 3rd op"]
[White "Voegeli, Max"]
[Black "Saurina Colomer, Carles"]
[Site "Gerunda"]
[Round "6.10"]
[Result "1-0"]
[Date "2019.11.05"]
[ECO "D00"]
[WhiteElo "1834"]
[BlackElo "1598"]
[PlyCount "107"]
[EventDate "2019.09.24"]
[EventType "swiss"]
[EventRounds "9"]
[EventCountry "ESP"]
[SourceTitle "EXT 2024"]
[Source "ChessBase"]
[SourceDate "2023.10.10"]
[SourceVersion "1"]
[SourceVersionDate "2023.10.10"]
[SourceQuality "1"]

1. e4 d5 2. d4 dxe4 3. Nc3 Bf5 4. f3 exf3 5. Qxf3 Qc8 6. Bd3 Bg4 7. Qg3 e6 8. Qxg4 Nf6 9. Qe2 Nc6 10. d5 Ne7 11. dxe6 fxe6 12. Nf3 Ng6 13. 0-0 Bd6 14. Nb5 e5 15. Nxd6+ cxd6 16. Bb5+ Ke7 17. Bg5 a6 18. Bd3 Qc5+ 19. Kh1 Qb6 20. c3 Nf8 21. Nd4 h6 22. Bxf6+ gxf6 23. Nf5+ Kd8 24. Ne3 Nd7 25. Nd5 Qc5 26. Nxf6 Kc7 27. Nxd7 Kxd7 28. Rf7+ Kc6 29. Qf3+ d5 30. Qf6+ Qd6 31. Rf1 e4 32. Qxd6+ Kxd6 33. R1f6+ Ke5 34. Rf5+ Kd6 35. R7f6+ Kc7 36. Be2 Rad8 37. Rf7+ Kb8 38. Re5 Rhe8 39. Rff5 e3 40. Rxe8 Rxe8 41. Rxd5 Rf8 42. Bf3 Re8 43. Rd1 Re6 44. Kg1 Rb6 45. b3 a5 46. Kf1 Re6 47. Ke2 b5 48. c4 Re5 49. Rd3 Ka7 50. Rxe3 Rg5 51. h4 Rf5 52. Re4 Rf7 53. Re5 Rd7 54. Rxb5 1-0

[Event "Gerunda Tardor 3rd op"]
[White "Voegeli, Max"]
[Black "Varas Boada, Alfons"]
[Site "Gerunda"]
[Round "4.8"]
[Result "1/2-1/2"]
[Date "2019.10.15"]
[ECO "B23"]
[WhiteElo "1834"]
[BlackElo "1735"]
[PlyCount "76"]
[EventDate "2019.09.24"]
[EventType "swiss"]
[EventRounds "9"]
[EventCountry "ESP"]
[SourceTitle "EXT 2024"]
[Source "ChessBase"]
[SourceDate "2023.10.10"]
[SourceVersion "1"]
[SourceVersionDate "2023.10.10"]
[SourceQuality "1"]

1. e4 c5 2. Nc3 e6 3. f4 g6 4. Nf3 Bg7 5. Bc4 Ne7 6. 0-0 0-0 7. Qe1 Nbc6 8. a3 d6 9. d3 d5 10. exd5 Nd4 11. Nxd4 exd5 12. Nxd5 Nxd5 13. Nf3 Re8 14. Qg3 Bf5 15. Re1 Qd6 16. Ne5 Re7 17. Bd2 Rae8 18. Bxd5 Qxd5 19. Bc3 b5 20. Qf3 Qd6 21. Qc6 Bxe5 22. Qxd6 Bxd6 23. Rxe7 Rxe7 24. g3 g5 25. Bd2 Bh3 26. Kf2 h5 27. Re1 Rxe1 28. Kxe1 f6 29. Be3 Kh7 30. fxg5 fxg5 31. Bxg5 Kg6 32. Be3 Kf5 33. Kf2 Kg4 34. b4 Kf5 35. bxc5 Bc7 36. c4 bxc4 37. dxc4 Ke6 38. Bf4 Ba5 1/2-1/2

[Event "Gerunda Tardor 3rd op"]
[White "Voegeli, Max"]
[Black "Romera Fernandez, Manel"]
[Site "Gerunda"]
[Round "2.9"]
[Result "1-0"]
[Date "2019.10.01"]
[ECO "C13"]
[WhiteElo "1834"]
[BlackElo "1700"]
[PlyCount "83"]
[EventDate "2019.09.24"]
[EventType "swiss"]
[EventRounds "9"]
[EventCountry "ESP"]
[SourceTitle "EXT 2024"]
[Source "ChessBase"]
[SourceDate "2023.10.10"]
[SourceVersion "1"]
[SourceVersionDate "2023.10.10"]
[SourceQuality "1"]

1. d4 d5 2. e4 e6 3. Nc3 dxe4 4. Nxe4 Nf6 5. Bg5 Be7 6. Nxf6+ Bxf6 7. Bxf6 Qxf6 8. Nf3 Nd7 9. c3 a6 10. Bd3 b5 11. Be4 Rb8 12. Qd3 g6 13. h4 Bb7 14. Bxb7 Rxb7 15. Qe4 Rb8 16. Qc6 Qf4 17. Ne5 Rd8 18. Rh3 Qf6 19. Rf3 Qxh4 20. Ke2 Qe7 21. Nxf7 Rf8 22. Nxd8 Rxf3 23. gxf3 Qxd8 24. Qxe6+ Qe7 25. Qxe7+ Kxe7 26. Rh1 h5 27. Rg1 Kf6 28. f4 Nf8 29. Ke3 Ne6 30. Ke4 c6 31. b3 a5 32. a3 Nc7 33. Rg5 Nd5 34. c4 bxc4 35. bxc4 Nc3+ 36. Kd3 Nd1 37. Ke2 Nb2 38. d5 cxd5 39. cxd5 Nc4 40. a4 Nd6 41. Kd3 h4 42. Rg4 1-0

[Event "Girona Gerunda op1st"]
[White "Voegeli, Max"]
[Black "Torres Garcia, Xavier"]
[Site "Girona"]
[Round "1"]
[Result "1-0"]
[Date "2017.09.26"]
[ECO "C29"]
[WhiteElo "1933"]
[BlackElo "1687"]
[PlyCount "29"]
[EventDate "2017.09.26"]
[EventType "swiss"]
[EventRounds "9"]
[EventCountry "ESP"]
[SourceTitle "EXT 2019"]
[Source "ChessBase"]
[SourceDate "2018.10.10"]
[SourceVersion "1"]
[SourceVersionDate "2018.10.10"]
[SourceQuality "1"]

1. e4 e5 2. Nc3 Nf6 3. f4 Nc6 4. fxe5 Nxe5 5. d4 Ng6 6. e5 Ng8 7. Nf3 d6 8. Bc4 h6 9. 0-0 Be6 10. d5 Bd7 11. e6 fxe6 12. dxe6 Bc6 13. Nd4 Ne5 14. Nxc6 Nxc6 15. Qh5+ 1-0

[Event "Figueres op-B 18th"]
[White "Gallego Terris, Rafael"]
[Black "Voegeli, Max"]
[Site "Figueres"]
[Round "6"]
[Result "1/2-1/2"]
[Date "2017.08.14"]
[ECO "A53"]
[WhiteElo "1924"]
[BlackElo "1738"]
[PlyCount "64"]
[EventDate "2017.08.10"]
[EventType "swiss"]
[EventRounds "9"]
[EventCountry "ESP"]
[SourceTitle "EXT 2019"]
[Source "ChessBase"]
[SourceDate "2018.10.10"]
[SourceVersion "1"]
[SourceVersionDate "2018.10.10"]
[SourceQuality "1"]

1. e4 d6 2. d4 Nf6 3. f3 c6 4. c4 Nbd7 5. Nc3 e5 6. d5 Be7 7. Be3 0-0 8. Qd2 a6 9. Nge2 c5 10. g4 Ne8 11. Ng3 Bh4 12. 0-0-0 Nb6 13. Nf5 Bxf5 14. gxf5 Nd7 15. Bd3 Ndf6 16. Rdg1 Nh5 17. Ne2 b5 18. Rg4 Bf6 19. h4 bxc4 20. Bxc4 Qb6 21. b3 Qb4 22. a4 Qxd2+ 23. Kxd2 Kh8 24. Ng3 Nxg3 25. Rxg3 Nc7 26. h5 h6 27. Rhg1 Rg8 28. f4 a5 29. Rg4 Rab8 30. fxe5 Bxe5 31. Bf4 Bxf4+ 32. Rxf4 f6 1/2-1/2

[Event "Girona Pont Major op 2nd"]
[White "Parals Marce, Luis"]
[Black "Voegeli, Max"]
[Site "Girona"]
[Round "2"]
[Result "1-0"]
[Date "2017.04.28"]
[ECO "A48"]
[WhiteElo "2129"]
[BlackElo "1726"]
[PlyCount "55"]
[EventDate "2017.04.21"]
[EventType "swiss"]
[EventRounds "8"]
[EventCountry "ESP"]
[SourceTitle "CBM 187 Extra"]
[Source "ChessBase"]
[SourceDate "2018.11.04"]
[SourceVersion "1"]
[SourceVersionDate "2018.11.04"]
[SourceQuality "1"]

1. d4 Nf6 2. Bf4 g6 3. e3 Bg7 4. Nf3 0-0 5. h3 d6 6. Be2 c5 7. c3 Nc6 8. Nbd2 cxd4 9. exd4 d5 10. 0-0 Nd7 11. Re1 e5 12. dxe5 Ndxe5 13. Nxe5 Nxe5 14. Bb5 Nc6 15. Nb3 a6 16. Bxc6 bxc6 17. Qd2 Be6 18. Bg5 Qc8 19. h4 h5 20. Re3 Re8 21. Rae1 Kh7 22. Nc5 Bd7 23. Re7 Rxe7 24. Rxe7 Be8 25. Ne6 Kg8 26. Nxg7 Kxg7 27. Qd4+ Kg8 28. Bh6 1-0

[Event "Costa Brava op 29th"]
[White "De Azua Arpi, Rafael"]
[Black "Voegeli, Max"]
[Site "Costa Brava"]
[Round "5"]
[Result "1-0"]
[Date "2016.11.05"]
[ECO "D02"]
[WhiteElo "1940"]
[BlackElo "1740"]
[PlyCount "51"]
[EventDate "2016.09.24"]
[EventType "swiss"]
[EventRounds "9"]
[EventCountry "ESP"]
[SourceTitle "EXT 2018"]
[Source "ChessBase"]
[SourceDate "2017.10.13"]
[SourceVersion "1"]
[SourceVersionDate "2017.10.13"]
[SourceQuality "1"]

1. d4 Nf6 2. Nf3 c5 3. g3 e6 4. Bg2 d5 5. 0-0 Nc6 6. Nc3 Bd7 7. Bf4 Be7 8. Nb5 0-0 9. Bc7 Qc8 10. Bf4 Ne8 11. c4 a6 12. cxd5 axb5 13. dxc6 Bxc6 14. dxc5 Bxc5 15. Rc1 Be7 16. Ne5 Nf6 17. Nxc6 bxc6 18. Bxc6 Rd8 19. Qb3 Qa6 20. Bxa8 Rxa8 21. a3 Nd5 22. Bd2 b4 23. e4 Nf6 24. Bxb4 Rb8 25. Qc4 Bxb4 26. Qxa6 1-0

[Event "Costa Brava op 29th"]
[White "Fernandez Garcia, Francesc"]
[Black "Voegeli, Max"]
[Site "Costa Brava"]
[Round "4"]
[Result "1-0"]
[Date "2016.10.22"]
[ECO "A10"]
[WhiteElo "2075"]
[BlackElo "1740"]
[PlyCount "55"]
[EventDate "2016.09.24"]
[EventType "swiss"]
[EventRounds "9"]
[EventCountry "ESP"]
[SourceTitle "EXT 2018"]
[Source "ChessBase"]
[SourceDate "2017.10.13"]
[SourceVersion "1"]
[SourceVersionDate "2017.10.13"]
[SourceQuality "1"]

1. c4 b6 2. Nc3 Bb7 3. e4 e6 4. g3 Nf6 5. Bg2 Be7 6. Nge2 0-0 7. 0-0 d6 8. d3 Nbd7 9. h3 Ne8 10. Be3 f5 11. Nd4 Rf6 12. Bg5 Rg6 13. Bxe7 Qxe7 14. exf5 Bxg2 15. Kxg2 exf5 16. Nxf5 Qf7 17. Qf3 Rb8 18. Qd5 Nef6 19. Ne7+ Kf8 20. Qxf7+ Kxf7 21. Nxg6 Kxg6 22. f4 Nc5 23. Rad1 Re8 24. b4 Ncd7 25. Rfe1 Rxe1 26. Rxe1 Kf7 27. Nb5 c5 28. Nxd6+ 1-0

[Event "Costa Brava op 29th"]
[White "Amigo Masdeu, Albert"]
[Black "Voegeli, Max"]
[Site "Costa Brava"]
[Round "2"]
[Result "0-1"]
[Date "2016.10.01"]
[ECO "D74"]
[WhiteElo "1738"]
[BlackElo "1740"]
[PlyCount "60"]
[EventDate "2016.09.24"]
[EventType "swiss"]
[EventRounds "9"]
[EventCountry "ESP"]
[SourceTitle "EXT 2018"]
[Source "ChessBase"]
[SourceDate "2017.10.13"]
[SourceVersion "1"]
[SourceVersionDate "2017.10.13"]
[SourceQuality "1"]

1. c4 Nf6 2. Nc3 d5 3. cxd5 Nxd5 4. Nf3 g6 5. g3 Bg7 6. Bg2 0-0 7. 0-0 c6 8. d4 Na6 9. Nxd5 cxd5 10. Bd2 Bf5 11. Bc3 Rc8 12. Qb3 Rc7 13. Nh4 Be6 14. e3 Qd7 15. Rfd1 g5 16. Nf3 f6 17. Ne1 Bf7 18. Rd2 e6 19. Bh3 Rfc8 20. Qd1 Bf8 21. Nd3 Bg6 22. Qb3 Nb8 23. Nc5 Bxc5 24. dxc5 Rxc5 25. Bxf6 Rc1+ 26. Rd1 Bc2 27. Qb4 Bxd1 28. Rxc1 Rxc1 29. Qd2 Rb1 30. Kg2 g4 0-1

[Event "Costa Brava op 29th"]
[White "Voegeli, Max"]
[Black "Ventura Prim, Jaume"]
[Site "Costa Brava"]
[Round "1"]
[Result "1/2-1/2"]
[Date "2016.09.24"]
[ECO "B23"]
[WhiteElo "1740"]
[BlackElo "1889"]
[PlyCount "52"]
[EventDate "2016.09.24"]
[EventType "swiss"]
[EventRounds "9"]
[EventCountry "ESP"]
[SourceTitle "EXT 2018"]
[Source "ChessBase"]
[SourceDate "2017.10.13"]
[SourceVersion "1"]
[SourceVersionDate "2017.10.13"]
[SourceQuality "1"]

1. e4 c5 2. Nc3 Nc6 3. f4 e6 4. Nf3 g6 5. Bb5 Bg7 6. 0-0 Nge7 7. Qe1 Nd4 8. Nxd4 Bxd4+ 9. Kh1 a6 10. Be2 Bg7 11. d3 Nc6 12. Be3 Nd4 13. Qd2 Qb6 14. Rab1 Qa5 15. e5 b5 16. a3 Bb7 17. Bxd4 cxd4 18. Ne4 Qxd2 19. Nxd2 Rd8 20. Bf3 Bc6 21. Nb3 Bxf3 22. Rxf3 d6 23. Nxd4 dxe5 24. Nc6 Rc8 25. Nxe5 Rxc2 26. d4 0-0 1/2-1/2

[Event "Figueres op-B 17th"]
[White "Fernandez Molas, Andreu"]
[Black "Voegeli, Max"]
[Site "Figueres"]
[Round "5"]
[Result "0-1"]
[Date "2016.08.14"]
[ECO "A43"]
[WhiteElo "1678"]
[BlackElo "1792"]
[PlyCount "102"]
[EventDate "2016.08.11"]
[EventType "swiss"]
[EventRounds "9"]
[EventCountry "ESP"]
[SourceTitle "EXT 2017"]
[Source "ChessBase"]
[SourceDate "2016.10.25"]
[SourceVersion "1"]
[SourceVersionDate "2016.10.25"]
[SourceQuality "1"]

1. d4 Nf6 2. Nc3 c5 3. d5 d6 4. e4 Nbd7 5. f4 g6 6. Bd3 Bg7 7. Bd2 0-0 8. Nf3 a6 9. Qe2 b5 10. Qf2 c4 11. e5 dxe5 12. fxe5 Ng4 13. Qh4 cxd3 14. Qxg4 Nxe5 15. Qg3 Nxf3+ 16. Qxf3 Bb7 17. Qxd3 b4 18. Na4 Bxd5 19. 0-0 Bc6 20. Nc5 Qxd3 21. Nxd3 a5 22. Rae1 e6 23. b3 Bb5 24. Rf3 Rac8 25. Rc1 Rfd8 26. Bg5 Rxd3 27. cxd3 Bd4+ 28. Kf1 Bc3 29. Bf6 Rc5 30. Bxc3 bxc3 31. Ke1 e5 32. Kd1 f5 33. Kc2 e4 34. dxe4 fxe4 35. Rxc3 Rf5 36. Kb2 Bd3 37. Rc8+ Kg7 38. R1c7+ Kh6 39. Kc3 Rf2 40. h4 Rxg2 41. Re8 Rc2+ 42. Kd4 Rxc7 43. Ra8 Rd7+ 44. Ke3 Rd5 45. Ra7 Rh5 46. Ra8 Rxh4 47. Rxa5 Rh3+ 48. Kd2 Rh2+ 49. Ke3 Bb1 50. a3 Rh3+ 51. Kd2 Rxb3 0-1